000 00312nam a22001457a 4500
008 210427b ||||| |||| 00| 0 eng d
020 _a9781560063193
041 _aeng
080 _a32
082 _a32
100 _a19
101 _aSHP
245 _aThe age of Napoleon
_cHarry Henderson
942 _2udc
_cBK
999 _c56828
_d56828